| 000 | 00444nam a2200181Ia 4500 | ||
|---|---|---|---|
| 001 | 7740 | ||
| 005 | 20260306160517.0 | ||
| 008 | 260306t2004||||xx |||||||||||||| ||spa|| | ||
| 041 | _aESP | ||
| 082 |
_a338.52 _bF41 |
||
| 100 |
_aFernández Baca, Jorge (edi.) _eAUT |
||
| 245 | 0 | _aExperiencias de regulación en el Perú | |
| 260 | _c2004 | ||
| 300 |
_a340 páginas : _c23 cm. |
||
| 650 | _aGEN | ||
| 654 | _aCAN | ||
| 942 |
_cLIB _dJUS _fJUS _2ddc _n |
||
| 999 |
_c7740 _d7740 |
||